Statistics for Advanced Music Theory Quiz

Click here to take the quiz!

General Stats

  • This quiz has been taken 276 times
  • The average score is 6 of 15

Answer Stats

QuestionAnswer% Correct
How many keys are on a standard grand piano?88
88%
From C, what note is 15 stacked fifths above?A
84%
In the second chord of Rhythm Changes (In D) what is the value of the most colourful note?D#
80%
What note has 1/9 of the frequency of A?B
76%
An E on an Alto Saxophone sounds like what note in concert pitch?G
76%
What note is played by the bass (In C) on a dominant tritone substitution chord in first inversion?E#
63%
How many hertz is A4 tuned to in modern music?440
59%
What is the most consonant interval?Unison
27%
What polyrhythm is played once per bar in a 'clave' beat?2:3
14%
What interval are the chords in Coltrane's 'Giant Steps' based on?Major 3rd
10%
What type of chord is this? Ab C Eb F# (hint: NOT dominant 7!)German
8%
When written under a Harp section, what does 'l.v' stand for?Let vibrate
4%
60% swing is also known as what?Quintuplet swing
4%
What type if 7th is used in barbershop quartet music?Harmonic
3%
In Jazz, what would you call a diminished 5th note?Flatted fifth
1%

Score Distribution

Percentile by Number Answered

Percent of People with Each Score

Your Score History

You have not taken this quiz